000 00679nam a2200253Ia 4500
005 20260121161318.0
008 008 260114s9999 xx 000 0 eng d
020 _a9781003323051
037 _aEBOOK
040 _aCRL
040 _beng
040 _cCRL
041 _2eng
041 _aeng
084 _qCRL
100 _aVivek Chandra
_91042824
245 4 _aThe Law of the Sea and Maritime Boundary Disputes in Areas of Hydrocarbon Potential : A Review of Global Hot Spots
260 _bTaylor and Francis
260 _c2024
856 _uhttp://www.taylorfrancis.com/books/9781003323051
942 _cEBOOK
999 _c1609640
_d1609640